000 00518nam a2200193Ia 4500
008 230612s9999 xx 000 0 und d
041 _aeng
082 _aPAR
100 _aParulekar P.
245 _aApplied Science I
_bSection B Chemistry Practical I
250 _a2nd ed.
260 _c1990
_bEverest Publishing House
300 _a138
365 _cRs.
_b35.00
500 _aW. 2003-04
700 _aParulekar P. & Deshpande J.
_9124401
906 _dB:487108-Oct-1991
_cALLEDS
999 _c164520
_d164520